| 000 | 00855nam a2200253Ia 4500 | ||
|---|---|---|---|
| 003 | OSt | ||
| 005 | 20221005113513.0 | ||
| 006 | a|||||r|||| 00| 0 | ||
| 007 | ta | ||
| 008 | 221004b |||||||| |||| 00| 0 pan d | ||
| 020 | _c100 | ||
| 024 | _a88830 | ||
| 037 |
_b485, 09/03/2007, Manpreet Parkashan _cTextual |
||
| 040 |
_aCRL _cCRL _bpan |
||
| 041 |
_2pan _apan |
||
| 082 | _aO153,1:g, P4 | ||
| 100 | _aਰਵਿੰਦਰ ਕੌਰ | ||
| 245 | 0 | _aਦਿੱਸਾ ਕਾਵਿ ਦੀਆਂ ਗਲਪ ਵਿਧੀਆਂ | |
| 260 |
_aਲੁਧਿਆਣਾ _bਲਾਹੌਰ ਬੁੱਕ ਾਪ ਭਾਰਤ _c2004 |
||
| 300 |
_a120ਪੰ _ccm. |
||
| 650 | _aਪੰਜਾਬੀ ਸਾਹਿਤ | ||
| 942 |
_hO153,1:g, P4 _cTEXL _2cc |
||
| 999 |
_c1028391 _d1028391 |
||